Statistics for Олимпски богови

Click here to take the quiz!

General Stats

  • This quiz has been taken 1 008 times
  • The average score is 15 of 36

Answer Stats

ОписИме% Correct
Врховни богЗевс
99%
Бог мораПосејдон
88%
Супруга горе наведеног бога, заштитница бракаХера
86%
Бог подземљаХад
83%
Богиња љубави и лепотеАфродита
83%
Богиња мудростиАтина
80%
Бог ратаАрес
67%
Бог винаДионис
67%
Јупитер
60%
Марс
59%
Богиња ловаАртемида
58%
Бог светлостиАполон
56%
Аполон
56%
Нептун
55%
Венера
52%
Херкулес
45%
Купидон
35%
Богиња плодностиДеметра
34%
Плутон
34%
Бог ватре, оружара и занатлијаХефест
34%
Меркур
31%
Највећи грчки херојХеракле
28%
Јунона
27%
Дијана
24%
Бог љубавиЕрос
24%
Богиња подземљаПерсефона
22%
Минерва
20%
Бог дивљинеПан
17%
Бахус
15%
Богиња огњиштаХестија
9%
Богиња младостиХеба
8%
Веста
6%
Церера
5%
Фаун
5%
Јувента
4%
Прозерпина
4%

Score Distribution

Percentile by Number Answered

Percent of People with Each Score

Your Score History

You have not taken this quiz